| 000 | 00609nam a2200157 4500 | ||
|---|---|---|---|
| 003 | CO-ViMGA | ||
| 020 | _a978-958-57170-0-8 | ||
| 040 |
_aCO-ViMGA _bspa _cCO-ViMGA |
||
| 082 | 0 | 4 |
_aFr 986 _bC15 |
| 245 | 1 | 0 |
_a El Calvario : _bcien años de historia : mirando al Llano y a Colombia / _cAlcaldia Municipal de El Calvario, Junta Organizadora del Centario JOC |
| 260 |
_aEl Calvario : _bAlcaldía Municipal de El Calvario, _c2011 |
||
| 300 |
_a198, [24] p. de láms. : _bil., fot., mapas ; 24 cm |
||
| 504 | _aBibliografía: p. 197-198 | ||
| 650 | 1 | 4 |
_aHistoria _zEl Calvario (Meta) - Colombia _911025 |
| 942 |
_2ddc _cBK |
||
| 999 |
_c36847 _d36847 |
||